00684nam a2200205 i 450000100060000000300090000600500170001500700030003200800410003502000180007610000300009424501170012426000370024130000210027849000350029970000280033470000400036283000430040285200330044564400ES-MaACL20250111062529.0t|031224s1985 sp ||||1| spa d a84-339-1737-41 aFoix, J. V. (d1894-1987)10aCrónicas de ultrasueño / cJ.V. Foix ; [prólogo de Pere Gimferrer y elogio de José Agustín Goytisolo]. aBarcelona : bAnagrama, c[1985] a77 p. ; c20 cm.1 aNarrativas hispánicas ; v370 aGimferrer, Pere,d1945-1 aGoytisolo, José Agustín,d1928-00aNarrativas hispánicas (Anagrama)v37 aES-MaACLjL-11274 bR.112073